00696cam a22001932 4500001001100000005001700011008004100028020001700069040001500086245011100101250001300212260003100225300001700256650006100273650006300334650007100397700003100468852000300499000002367120151217154504.0130315s xx 000 0 eng d a0198568384 : aKABUcKABU10aOxford handbook of clinical examination and practical skills /cedited by James Thomas and Tanya Monaghan. a1st ed. aOxford :bO. U. P.,c2007. axxv, 754 p. 0aPhysical diagnosisvHandbooks, manuals, etc.@0000183280 0aPhysical examinationvHandbooks, manuals, etc.@0000183281 0aClinical medicine.vHandbooks, manuals, etc.xMethods.@00001832821 aLlewelyn, Huw.@00001832831